X-Rays in practice (Record no. 882)

MARC details
000 -LEADER
fixed length control field 00517nam a2200181Ia 4500
003 - CONTROL NUMBER IDENTIFIER
control field IN-BaIIA
008 - FIXED-LENGTH DATA ELEMENTS--GENERAL INFORMATION
fixed length control field 211028s9999 xx 000 0 eng d
040 ## - CATALOGING SOURCE
Transcribing agency IIA Library
080 ## - UNIVERSAL DECIMAL CLASSIFICATION NUMBER
Universal Decimal Classification number 537.531
Item number SPR
100 ## - MAIN ENTRY--PERSONAL NAME
Personal name Sproull, Wayne T.
9 (RLIN) 1884
245 #0 - TITLE STATEMENT
Title X-Rays in practice
Statement of responsibility, etc. Wayne T. Sproull
260 ## - PUBLICATION, DISTRIBUTION, ETC.
Place of publication, distribution, etc. New York
Name of publisher, distributor, etc. McGraw-Hill
Date of publication, distribution, etc. 1946
300 ## - PHYSICAL DESCRIPTION
Extent vii, 615p.
650 ## - SUBJECT ADDED ENTRY--TOPICAL TERM
Topical term or geographic name entry element Extraterrestrial radiation
9 (RLIN) 1885
650 ## - SUBJECT ADDED ENTRY--TOPICAL TERM
Topical term or geographic name entry element NASA thesaurus
650 ## - SUBJECT ADDED ENTRY--TOPICAL TERM
Topical term or geographic name entry element X-Rays
9 (RLIN) 1886
942 ## - ADDED ENTRY ELEMENTS (KOHA)
Koha item type Books
Holdings
Withdrawn status Lost status Damaged status Not for loan Home library Current library Shelving location Date acquired Total Checkouts Full call number Barcode Date last seen Price effective from Koha item type
        IIA Library-Bangalore IIA Library-Bangalore General Stacks     537.531/ SPR 909 05/11/2021   Books

Powered by Koha